00232nam a2200097Ia 4500008004100000041001200041100001500053245005400068260000600122650000600128221030s9999 xx 000 0 und d aEnglish aC. J. Date 3aAn Introduction to Databse Systemscby C. J. Date c0 aB